000 00606nam a2200193Ia 4500
003 IN-BaIIA
008 211028s9999 xx 000 0 eng d
020 _a0-07-005330-8
040 _cIIA Library
080 _a(035)621.3
_bBIL
100 _aBillings, K. H.
_916887
245 0 _aHandbook of switchmode power supplies
_cK. H. Billings
260 _aNew York
_bAcademic Press
_c1989
300 _a[various pagings.]
650 _aAstronomy and Astrophysics Thesaurus
650 _aHandbooks
_95453
650 _aPower supplies-Handbook
_916888
942 _cBK
999 _c9949
_d9949